000 00498nam a2200169Ia 4500
999 _c5073
_d5073
003 OSt
005 20200109092324.0
008 190216s9999||||xx |||||||||||||| ||und||
040 _coclc
082 _a658.82
_bNAI/T
100 _aNair, Rajagopalan
_9380
245 0 _aText Book Of Marketing And Sales Promotion /
_cRajagopala Nair
260 _bLaxmi Publication,
_c1985.
_aCochin:
300 _a326p
650 _xMarketing
942 _cBK
_2ddc
_h658.82
_iNAi/T
_k658.82
_mNAI/T